[Event "Hampshire Major"]
[Site "Eastleigh"]
[Date "2010.11.12"]
[Round "1"]
[White "Stone, Mark R"]
[Black "Matthew, Ian G"]
[Result "1/2-1/2"]
[WhiteElo "1648"]
[BlackElo "1760"]
[PlyCount "98"]
[EventDate "2010.11.12"]
[EventType "swiss"]
[EventRounds "6"]
[EventCountry "ENG"]

1. e4 c5 2. Nf3 e6 3. Nc3 d5 4. exd5 exd5 5. g3 Nc6 6. Bg2 d4 7. Qe2+ Be7 8.
Ne4 d3 9. Qxd3 Qxd3 10. cxd3 Nb4 11. O-O Nxd3 12. Ne1 Ne5 13. b3 f5 14. Bb2
fxe4 15. Bxe5 Bf6 16. Bxf6 Nxf6 17. d3 Bd7 18. Rd1 Bb5 19. f4 O-O-O 20. Rf2 e3
21. Rc2 b6 22. a4 Be8 23. Bf3 Bf7 24. Rb2 Nd5 25. Ng2 Nc3 26. Re1 Rxd3 27. Rxe3
Rhd8 28. Rxd3 Rxd3 29. Ne1 Rd6 30. Kf2 Nd1+ 31. Bxd1 Rxd1 32. Ke2 Rd6 33. Nf3
Bh5 34. Kf2 Rd3 35. Ne5 Rc3 36. Rb1 Rc2+ 37. Kg1 Rd2 38. Nc4 Rd1+ 39. Rxd1 Bxd1
40. Nd2 Kd7 41. Kf2 Ke6 42. Ke3 Bc2 43. g4 g6 44. h3 Kd5 45. h4 Bd1 46. Ne4
Bxb3 47. Nf6+ Ke6 48. Nxh7 Bxa4 49. Ng5+ Kf6 1/2-1/2

[Event "Hampshire Major"]
[Site "Eastleigh"]
[Date "2010.11.12"]
[Round "1"]
[White "Upham, John E"]
[Black "Chapman, Matthew"]
[Result "1/2-1/2"]
[WhiteElo "1712"]
[BlackElo "1856"]
[PlyCount "84"]
[EventDate "2010.11.12"]
[EventType "swiss"]
[EventRounds "6"]
[EventCountry "ENG"]

1. d4 d5 2. Nf3 Nf6 3. c4 c6 4. Nc3 e6 5. Bg5 Be7 6. e3 Nbd7 7. Qc2 h6 8. Bh4
O-O 9. Bd3 dxc4 10. Bxc4 Nd5 11. Bg3 Nxc3 12. bxc3 Bf6 13. O-O Re8 14. Rfd1 Qe7
15. Ne5 Nxe5 16. dxe5 Bh4 17. Bf4 Bg5 18. Bg3 Qc5 19. Qe4 g6 20. a4 a5 21. h4
Bd8 22. h5 f5 23. exf6 Qxh5 24. Be5 Qf5 25. Qd4 Kf7 26. Bd3 Qg5 27. f4 Qh4 28.
Bxg6+ Kxg6 29. Qe4+ Kh5 30. Kf1 Bxf6 31. Ke2 Qg4+ 32. Kd2 Rd8+ 33. Bd4 Qf5 34.
g4+ Qxg4 35. Rh1+ Bh4 36. Rxh4+ Qxh4 37. Rh1 Qxh1 38. Qxh1+ Kg6 39. Qe4+ Kf7
40. Qh7+ Ke8 41. Qg8+ Ke7 42. Qg7+ Ke8 1/2-1/2

[Event "Hampshire Major"]
[Site "Eastleigh"]
[Date "2010.11.13"]
[Round "2"]
[White "Chapman, Matthew"]
[Black "Manning, Peter"]
[Result "1/2-1/2"]
[WhiteElo "1856"]
[BlackElo "1704"]
[PlyCount "52"]
[EventDate "2010.11.12"]
[EventType "swiss"]
[EventRounds "6"]
[EventCountry "ENG"]

1. e4 c5 2. Nf3 e6 3. d4 cxd4 4. Nxd4 a6 5. Be3 b5 6. a3 Bb7 7. f3 Nf6 8. Nc3
d5 9. e5 Nfd7 10. f4 Nc5 11. Qd2 Ne4 12. Nxe4 dxe4 13. O-O-O Nc6 14. Nb3 Qc7
15. Be2 Be7 16. Nc5 Rd8 17. Qc3 O-O 18. Nxe4 b4 19. axb4 Bxb4 20. Qb3 Qa5 21.
c3 Be7 22. Qxb7 Qa1+ 23. Kc2 Qa4+ 24. Kc1 Qa1+ 25. Kc2 Qa4+ 26. Kc1 Qa1+
1/2-1/2

[Event "Hampshire Major"]
[Site "Eastleigh"]
[Date "2010.11.13"]
[Round "2"]
[White "Fields, David"]
[Black "Smith, Steven J"]
[Result "0-1"]
[WhiteElo "1592"]
[BlackElo "1864"]
[PlyCount "104"]
[EventDate "2010.11.12"]
[EventType "swiss"]
[EventRounds "6"]
[EventCountry "ENG"]

1. d4 Nf6 2. c4 e5 3. dxe5 Ne4 4. a3 b6 5. Nd2 Bb7 6. Ngf3 d6 7. Nxe4 Bxe4 8.
exd6 Qxd6 9. Qxd6 Bxd6 10. Nd4 Nc6 11. Nxc6 Bxc6 12. f3 O-O-O 13. g3 Rhe8 14.
Bh3+ Kb8 15. e4 Bc5 16. Ke2 Ba4 17. Be3 Bd4 18. Bxd4 Rxd4 19. Rac1 Red8 20. Ke3
Rd2 21. b4 R8d3+ 22. Kf4 Rxa3 23. c5 Rf2 24. cxb6 Rfxf3+ 25. Ke5 axb6 26. Bg4
Rfb3 27. Rc4 Rc3 28. Rc1 Rxc1 29. Rxc1 Ra2 30. h4 Rb2 31. Rc4 Bb5 32. Rd4 Kb7
33. Kf4 Rb3 34. e5 Bc6 35. e6 fxe6 36. Bxe6 Rf3+ 37. Kg4 Rf6 38. Bd5 Bxd5 39.
Rxd5 Kc6 40. Rd4 Rf7 41. Re4 Kb5 42. Kh3 c5 43. bxc5 bxc5 44. g4 c4 45. Kg3 Kb4
46. h5 Kb3 47. Re8 c3 48. Rb8+ Ka2 49. Rc8 Kb2 50. Rb8+ Kc1 51. Rc8 c2 52. g5
Rd7 0-1

[Event "Hampshire Major"]
[Site "Eastleigh"]
[Date "2010.11.13"]
[Round "2"]
[White "Hurn, Paul AT"]
[Black "Upham, John E"]
[Result "1/2-1/2"]
[WhiteElo "1656"]
[BlackElo "1712"]
[PlyCount "28"]
[EventDate "2010.11.12"]
[EventType "swiss"]
[EventRounds "6"]
[EventCountry "ENG"]

1. e4 c6 2. d4 d5 3. exd5 cxd5 4. c4 Nf6 5. Nc3 Nc6 6. cxd5 Nxd5 7. Bb5 e6 8.
Bxc6+ bxc6 9. Nge2 Be7 10. O-O O-O 11. a3 a5 12. Qc2 Ba6 13. Re1 Nf6 14. Bg5
Rb8 1/2-1/2

[Event "Hampshire Major"]
[Site "Eastleigh"]
[Date "2010.11.13"]
[Round "2"]
[White "Matthew, Ian G"]
[Black "Farrant, James"]
[Result "1-0"]
[WhiteElo "1760"]
[BlackElo "1632"]
[PlyCount "77"]
[EventDate "2010.11.12"]
[EventType "swiss"]
[EventRounds "6"]
[EventCountry "ENG"]

1. e4 c5 2. Nf3 d6 3. d4 cxd4 4. Nxd4 g6 5. c4 Nf6 6. Nc3 Bg7 7. Be2 O-O 8. Be3
a6 9. O-O Qc7 10. Nd5 Nxd5 11. cxd5 b5 12. f4 e5 13. fxe5 dxe5 14. Rc1 Qa5 15.
Nb3 Qxa2 16. Qc2 Qa4 17. Ra1 Qb4 18. Bc5 Qxc5+ 19. Nxc5 Nd7 20. Bxb5 Nxc5 21.
Qxc5 Bb7 22. Qe7 axb5 23. Qxb7 Rab8 24. Qa7 Bh6 25. Ra3 Rbc8 26. Rc3 Ra8 27.
Qc7 Ra4 28. Rcf3 f5 29. exf5 gxf5 30. Rg3+ Rg4 31. Rxg4+ fxg4 32. Rxf8+ Bxf8
33. Qxe5 Bg7 34. Qe8+ Bf8 35. d6 Kg7 36. Qe5+ Kf7 37. d7 Be7 38. Qd5+ Kg7 39.
d8=B 1-0

[Event "Hampshire Major"]
[Site "Eastleigh"]
[Date "2010.11.13"]
[Round "2"]
[White "Pope, Michael"]
[Black "Beaney, Alex"]
[Result "0-1"]
[WhiteElo "1608"]
[BlackElo "1736"]
[PlyCount "84"]
[EventDate "2010.11.12"]
[EventType "swiss"]
[EventRounds "6"]
[EventCountry "ENG"]

1. e4 e5 2. Nf3 Nc6 3. d4 exd4 4. Bc4 Bb4+ 5. c3 dxc3 6. bxc3 Be7 7. Qd5 Nh6 8.
Bxh6 O-O 9. Be3 a6 10. Nbd2 Rb8 11. O-O b5 12. Be2 Bb7 13. Qh5 Bf6 14. e5 g6
15. Qh3 Nxe5 16. Nxe5 Bxe5 17. Bd4 Re8 18. Bd3 d6 19. f4 Bxd4+ 20. cxd4 Qe7 21.
Kf2 Qf6 22. Nf3 Qxf4 23. Rae1 Bxf3 24. Qxf3 Qxd4+ 25. Kg3 f5 26. h3 d5 27. Bc2
c6 28. Rd1 Qe5+ 29. Kf2 Qb2 30. Qb3 Qxb3 31. Bxb3 Re6 32. Rfe1 Rbe8 33. Rxe6
Rxe6 34. Re1 Rxe1 35. Kxe1 Kf7 36. Ke2 Kf6 37. Kd3 Ke5 38. g3 c5 39. Bd1 c4+
40. Kc3 a5 41. a3 Ke4 42. h4 d4+ 0-1

[Event "Hampshire Major"]
[Site "Eastleigh"]
[Date "2010.11.13"]
[Round "2"]
[White "Ross, David EC"]
[Black "Moore, Gillian A"]
[Result "1-0"]
[WhiteElo "1872"]
[BlackElo "1752"]
[PlyCount "99"]
[EventDate "2010.11.12"]
[EventType "swiss"]
[EventRounds "6"]
[EventCountry "ENG"]

1. e4 Nf6 2. e5 Nd5 3. d4 d6 4. c4 Nb6 5. f4 dxe5 6. fxe5 Nc6 7. Be3 Bf5 8. Nc3
e6 9. a3 a5 10. b3 Be7 11. Nf3 Bg4 12. Be2 O-O 13. O-O Qd7 14. Qd2 Bxf3 15.
Rxf3 Rad8 16. Nb5 Nxe5 17. Rh3 Ng6 18. Bh6 Bf6 19. Rf1 Bxd4+ 20. Nxd4 Qxd4+ 21.
Qxd4 Rxd4 22. Be3 Rd7 23. Rh5 e5 24. Rhf5 Nc8 25. c5 Nce7 26. R5f2 Nd5 27. Bd2
Ra8 28. Bg4 Re7 29. Rxf7 Rxf7 30. Be6 Ndf4 31. Bxf7+ Kh8 32. Bxg6 Nxg6 33. Rf7
a4 34. bxa4 Rxa4 35. Rxc7 h6 36. Bb4 Nf4 37. Rxb7 Kh7 38. c6 Ra6 39. c7 Rc6 40.
Bd6 Rc1+ 41. Kf2 Rc2+ 42. Kf3 Nd3 43. Ke4 Nc5+ 44. Bxc5 Rxc5 45. a4 Kg6 46. a5
Kf6 47. a6 Ke6 48. a7 Rc4+ 49. Ke3 Kd5 50. a8=Q 1-0

[Event "Hampshire Major"]
[Site "Eastleigh"]
[Date "2010.11.13"]
[Round "2"]
[White "Slater, Tom"]
[Black "Desmedt, Richard E"]
[Result "1-0"]
[WhiteElo "1656"]
[BlackElo "1792"]
[PlyCount "79"]
[EventDate "2010.11.12"]
[EventType "swiss"]
[EventRounds "6"]
[EventCountry "ENG"]

1. e4 d5 2. exd5 Nf6 3. d4 Nxd5 4. c4 Nb6 5. Nc3 e5 6. Be3 exd4 7. Bxd4 Nc6 8.
Bxb6 Qxd1+ 9. Rxd1 axb6 10. Nb5 Bb4+ 11. Ke2 O-O 12. a3 Re8+ 13. Kf3 Bd6 14.
Nxd6 cxd6 15. Rxd6 Be6 16. Kg3 Rad8 17. Rxd8 Rxd8 18. Nf3 Rd1 19. h3 Bxc4 20.
Nd2 Bxf1 21. Nxf1 Na5 22. Kh2 Nc4 23. Ne3 Rxh1+ 24. Kxh1 Nxb2 25. Kg1 f6 26.
Kf1 Kf7 27. Ke2 Ke6 28. Kd2 Na4 29. Kd3 Kd7 30. Kc4 Kc6 31. Nf5 Nb2+ 32. Kb3 g6
33. Ne7+ Kd7 34. Nxg6 hxg6 35. Kxb2 Ke6 36. Kc3 Kd5 37. Kb4 f5 38. g4 fxg4 39.
hxg4 Kc6 40. f4 1-0

[Event "Hampshire Major"]
[Site "Eastleigh"]
[Date "2010.11.13"]
[Round "2"]
[White "Wiseman, John M"]
[Black "Stone, Mark R"]
[Result "1-0"]
[WhiteElo "1712"]
[BlackElo "1648"]
[PlyCount "85"]
[EventDate "2010.11.12"]
[EventType "swiss"]
[EventRounds "6"]
[EventCountry "ENG"]

1. d4 d5 2. Nf3 Nf6 3. e3 c5 4. b3 Nc6 5. Bb2 Bg4 6. Be2 e6 7. Nbd2 cxd4 8.
exd4 Bd6 9. O-O O-O 10. Ne5 Bxe2 11. Qxe2 Qe7 12. a3 Rac8 13. c4 Rfe8 14. c5
Bc7 15. b4 a6 16. f4 Nxe5 17. fxe5 Nd7 18. Nf3 Rf8 19. Rae1 Rce8 20. Bc1 h6 21.
g3 g5 22. h4 f6 23. hxg5 fxg5 24. Kg2 Rf7 25. Qd3 Qf8 26. Nh2 Rxf1 27. Rxf1 Qg7
28. Ng4 Bd8 29. Rh1 Qh7 30. Nxh6+ Kg7 31. Qxh7+ Kxh7 32. Nf7+ Kg6 33. Nd6 Re7
34. Nxb7 Bc7 35. Nd6 Nf8 36. Rf1 Nh7 37. a4 g4 38. b5 axb5 39. axb5 Bxd6 40.
exd6 Rb7 41. c6 Ra7 42. d7 Ra8 43. c7 1-0

[Event "Hampshire Major"]
[Site "Eastleigh"]
[Date "2010.11.13"]
[Round "3"]
[White "Beaney, Alex"]
[Black "Matthew, Ian G"]
[Result "0-1"]
[WhiteElo "1736"]
[BlackElo "1760"]
[PlyCount "70"]
[EventDate "2010.11.12"]
[EventType "swiss"]
[EventRounds "6"]
[EventCountry "ENG"]

1. d4 d5 2. Bf4 c5 3. c3 Qb6 4. Qb3 c4 5. Qc2 Nf6 6. e3 Nc6 7. Nf3 Bf5 8. Qc1
Nh5 9. Bg5 f6 10. Bh4 g5 11. Bg3 Ng7 12. Nbd2 h5 13. h3 Qa5 14. e4 Bxe4 15.
Nxe4 dxe4 16. Nd2 b5 17. Nxe4 Nf5 18. Nxg5 fxg5 19. Qxg5 Nxg3 20. Qg6+ Kd7 21.
fxg3 Rh6 22. Qf5+ e6 23. Qf7+ Be7 24. O-O-O Rf6 25. Qxh5 Rf5 26. Qg4 Rg5 27.
Qe4 Qxa2 28. g4 Rd5 29. Re1 Bg5+ 30. Kc2 Re8 31. h4 Rxd4 32. cxd4 Nb4+ 33. Kd1
Qb3+ 34. Ke2 Nd3 35. hxg5 Qc2+ 0-1

[Event "Hampshire Major"]
[Site "Eastleigh"]
[Date "2010.11.13"]
[Round "3"]
[White "Desmedt, Richard E"]
[Black "Moore, Gillian A"]
[Result "1-0"]
[WhiteElo "1792"]
[BlackElo "1752"]
[PlyCount "132"]
[EventDate "2010.11.12"]
[EventType "swiss"]
[EventRounds "6"]
[EventCountry "ENG"]

1. e4 Nf6 2. Nc3 d5 3. exd5 Nxd5 4. Bc4 Nf6 5. d4 c6 6. Nf3 Bg4 7. Bxf7+ Kxf7
8. Ne5+ Ke8 9. Nxg4 Nbd7 10. O-O Nxg4 11. Qxg4 Nf6 12. Qh4 e6 13. Re1 Qd7 14.
Bg5 Be7 15. Qh3 Kf7 16. Ne2 h6 17. Bxf6 Bxf6 18. c3 g5 19. Ng3 Qd5 20. Ne4 Be7
21. Nc5 Bxc5 22. dxc5 Rad8 23. b4 Qc4 24. Qf3+ Kg7 25. Qe3 Rhe8 26. Qe5+ Kg6
27. h3 Qf4 28. Qxf4 gxf4 29. Rad1 Kf6 30. g3 fxg3 31. fxg3 Ke7 32. Kg2 Rf8 33.
g4 Rxd1 34. Rxd1 Rf4 35. Kg3 Re4 36. Rd3 a6 37. Rf3 Re2 38. Kh4 Re5 39. a4 a5
40. Kg3 Re4 41. Rf4 Re3+ 42. Kh4 Re5 43. bxa5 Rxc5 44. Rb4 Rxa5 45. Rxb7+ Kd6
46. Rh7 Rxa4 47. Rxh6 Rc4 48. Kg5 Rxc3 49. Kf4 Rc4+ 50. Ke3 Ke5 51. Rh5+ Kf6
52. Kd3 Ra4 53. Rc5 Ra3+ 54. Rc3 Rxc3+ 55. Kxc3 Ke5 56. h4 Kf4 57. h5 Kg5 58.
Kd4 Kf6 59. h6 Kg6 60. g5 Kh7 61. Ke5 c5 62. Kf6 c4 63. Kf7 c3 64. g6+ Kxh6 65.
g7 c2 66. g8=Q c1=Q 1-0

[Event "Hampshire Major"]
[Site "Eastleigh"]
[Date "2010.11.13"]
[Round "3"]
[White "Farrant, James"]
[Black "Hurn, Paul AT"]
[Result "0-1"]
[WhiteElo "1632"]
[BlackElo "1656"]
[PlyCount "70"]
[EventDate "2010.11.12"]
[EventType "swiss"]
[EventRounds "6"]
[EventCountry "ENG"]

1. e4 e6 2. d4 d5 3. exd5 exd5 4. Bf4 Nf6 5. Nf3 Bd6 6. Bxd6 Qxd6 7. Bd3 Qb4+
8. Nc3 Qxb2 9. Nb5 Qb4+ 10. c3 Qe7+ 11. Qe2 Be6 12. Qe5 Na6 13. O-O O-O 14. a4
Rfd8 15. Na3 Nb8 16. Nb5 Rd7 17. Ng5 a6 18. Nxe6 Nc6 19. Qe2 Qxe6 20. Qxe6 fxe6
21. Na3 e5 22. dxe5 Nxe5 23. Bf5 Re7 24. Nc2 c5 25. f4 Nc6 26. Rfe1 Rae8 27.
Rxe7 Rxe7 28. Re1 Rxe1+ 29. Nxe1 b5 30. axb5 axb5 31. Nd3 c4 32. Nb4 Nxb4 33.
cxb4 Kf7 34. Bc8 c3 35. Bf5 Ne4 0-1

[Event "Hampshire Major"]
[Site "Eastleigh"]
[Date "2010.11.13"]
[Round "3"]
[White "Fields, David"]
[Black "Chapman, Matthew"]
[Result "0-1"]
[WhiteElo "1592"]
[BlackElo "1856"]
[PlyCount "50"]
[EventDate "2010.11.12"]
[EventType "swiss"]
[EventRounds "6"]
[EventCountry "ENG"]

1. d4 d5 2. c4 c6 3. Nc3 Nf6 4. Nf3 Bf5 5. cxd5 Nxd5 6. Qb3 Nb6 7. Bf4 e6 8. e3
Bd6 9. Bxd6 Qxd6 10. Be2 O-O 11. O-O N8d7 12. e4 Bg4 13. e5 Qe7 14. a4 a5 15.
Rfe1 Qb4 16. Qxb4 axb4 17. Na2 Rxa4 18. b3 Ra3 19. Nxb4 Rxb3 20. Rab1 Rxb1 21.
Rxb1 Ra8 22. h3 Bf5 23. Rb2 Ra1+ 24. Kh2 Rb1 25. Nd3 Bxd3 0-1

[Event "Hampshire Major"]
[Site "Eastleigh"]
[Date "2010.11.13"]
[Round "3"]
[White "Manning, Peter"]
[Black "Wiseman, John M"]
[Result "1/2-1/2"]
[WhiteElo "1704"]
[BlackElo "1712"]
[PlyCount "104"]
[EventDate "2010.11.12"]
[EventType "swiss"]
[EventRounds "6"]
[EventCountry "ENG"]

1. d4 Nf6 2. Bg5 c5 3. Bxf6 gxf6 4. c3 cxd4 5. Qxd4 d6 6. Nf3 Nc6 7. Qd2 f5 8.
g3 h6 9. Na3 Bg7 10. Bg2 Be6 11. e3 Qb6 12. O-O Rc8 13. Nd4 Bd7 14. Rab1 a6 15.
Nac2 Qc7 16. Rfd1 Ne5 17. e4 fxe4 18. Bxe4 e6 19. Bg2 d5 20. Ne3 h5 21. f4 Nc4
22. Qe2 Nxe3 23. Qxe3 Qc5 24. Rd2 e5 25. Re1 e4 26. Rf2 f5 27. Rd2 Kf7 28. Bh3
Kg6 29. Bf1 Bxd4 30. Rxd4 Be6 31. Red1 b5 32. a3 Kf6 33. R1d2 Qe7 34. a4 Qc5
35. axb5 axb5 36. Kf2 h4 37. Re2 hxg3+ 38. hxg3 Rcg8 39. Rdd2 Qxe3+ 40. Rxe3
Rb8 41. Ree2 b4 42. Ke3 bxc3 43. bxc3 Rbc8 44. Rc2 Bd7 45. Rg2 Rhg8 46. Kd4 Ke6
47. Ra2 Kd6 48. Ra5 Be6 49. Be2 Ra8 50. Rxa8 Rxa8 51. Bb5 Rb8 52. Ba4 Ra8
1/2-1/2

[Event "Hampshire Major"]
[Site "Eastleigh"]
[Date "2010.11.13"]
[Round "3"]
[White "Pope, Michael"]
[Black "Ross, David EC"]
[Result "0-1"]
[WhiteElo "1608"]
[BlackElo "1872"]
[PlyCount "36"]
[EventDate "2010.11.12"]
[EventType "swiss"]
[EventRounds "6"]
[EventCountry "ENG"]

1. e4 e5 2. Nf3 Nc6 3. d4 exd4 4. Bc4 Nf6 5. Qe2 d6 6. O-O Bg4 7. Nbd2 Be7 8.
a3 O-O 9. b3 Ne5 10. Bb2 c5 11. Qe1 Qd7 12. Nxe5 dxe5 13. f3 Be6 14. Bd3 b5 15.
Qg3 Nh5 16. Qxe5 g6 17. h3 Bd6 18. Qg5 f6 0-1

[Event "Hampshire Major"]
[Site "Eastleigh"]
[Date "2010.11.13"]
[Round "3"]
[White "Smith, Steven J"]
[Black "Slater, Tom"]
[Result "0-1"]
[WhiteElo "1864"]
[BlackElo "1656"]
[PlyCount "126"]
[EventDate "2010.11.12"]
[EventType "swiss"]
[EventRounds "6"]
[EventCountry "ENG"]

1. d4 f5 2. e4 fxe4 3. Nc3 Nf6 4. Bg5 c6 5. Bxf6 exf6 6. Nxe4 d5 7. Ng3 Bd6 8.
Bd3 Qe7+ 9. N1e2 g6 10. O-O Kf7 11. Qd2 h5 12. Rfe1 Qc7 13. c3 h4 14. Nf1 Nd7
15. Qc2 f5 16. c4 Nf6 17. c5 Bf4 18. Nxf4 Qxf4 19. Qc3 h3 20. Ng3 Ng4 21. Re2
hxg2 22. Rae1 Nxh2 23. Re3 Nf3+ 24. Kxg2 Nxe1+ 25. Qxe1 Qg5 26. Rf3 Bd7 27. Qe5
Qe7 28. Qc7 Be6 29. Qe5 Rae8 30. Qf4 Rh4 31. Qd2 Reh8 32. Bxf5 Bxf5 33. Nxf5
Rh2+ 34. Kg1 Rh1+ 35. Kg2 R8h2+ 36. Kg3 Qc7+ 37. Nd6+ Kg8 38. Qf4 Qe7 39. Nxb7
Rh3+ 40. Kg2 R1h2+ 41. Kf1 Rxf3 42. Qxf3 Qxb7 43. Qg3 Rh6 44. Qf4 Rh7 45. Qf6
Qb5+ 46. Kg2 Rf7 47. Qd8+ Kg7 48. Qe8 Qb7 49. Qe5+ Rf6 50. b4 Qf7 51. Qg3 Qe7
52. a4 Qe4+ 53. Kg1 Qxd4 54. b5 Qxc5 55. Qc7+ Rf7 56. Qe5+ Kg8 57. Qe8+ Qf8 58.
Qxc6 Qd8 59. a5 Qg5+ 60. Kf1 Qf5 61. Qe8+ Kg7 62. Qe3 Qb1+ 63. Kg2 Qe4+ 0-1

[Event "Hampshire Major"]
[Site "Eastleigh"]
[Date "2010.11.13"]
[Round "4"]
[White "Chapman, Matthew"]
[Black "Beaney, Alex"]
[Result "1/2-1/2"]
[WhiteElo "1856"]
[BlackElo "1736"]
[PlyCount "58"]
[EventDate "2010.11.12"]
[EventType "swiss"]
[EventRounds "6"]
[EventCountry "ENG"]

1. e4 e5 2. Nf3 Nc6 3. Bc4 a6 4. O-O b5 5. Bb3 Na5 6. Nxe5 Nxb3 7. axb3 Nf6 8.
d3 Bb7 9. Bg5 Be7 10. Nf3 O-O 11. Re1 Re8 12. Nc3 h6 13. Bh4 d5 14. exd5 Nxd5
15. Bxe7 Nxe7 16. Re3 Nf5 17. Rxe8+ Qxe8 18. Qe2 Qxe2 19. Nxe2 Bxf3 20. gxf3 g5
21. c4 Re8 22. Kf1 Re6 23. h3 Rf6 24. f4 Kg7 25. fxg5 hxg5 26. d4 bxc4 27. bxc4
Ne3+ 28. Kg1 Nxc4 29. Rb1 Nd2 1/2-1/2

[Event "Hampshire Major"]
[Site "Eastleigh"]
[Date "2010.11.13"]
[Round "4"]
[White "Farrant, James"]
[Black "Pope, Michael"]
[Result "0-1"]
[WhiteElo "1632"]
[BlackElo "1608"]
[PlyCount "120"]
[EventDate "2010.11.12"]
[EventType "swiss"]
[EventRounds "6"]
[EventCountry "ENG"]

1. e4 c6 2. d4 d5 3. e5 Bf5 4. Bd3 Bxd3 5. Qxd3 e6 6. Nf3 Nd7 7. O-O Qc7 8. Be3
Be7 9. Nbd2 h5 10. Bg5 O-O-O 11. Bxe7 Nxe7 12. Qa3 Nb6 13. Qxa7 Nf5 14. Nb3 h4
15. Nc5 g5 16. c3 Rdg8 17. a4 g4 18. Nd2 g3 19. a5 gxf2+ 20. Rxf2 Nd7 21. Nxd7
Kxd7 22. Qb6 Qxb6 23. axb6 Ra8 24. Rff1 Ke7 25. Nb3 Ne3 26. Rxa8 Rxa8 27. Ra1
Rxa1+ 28. Nxa1 Nc4 29. b4 Nxb6 30. Kf2 Na4 31. Kf3 Nxc3 32. Kg4 f6 33. Kxh4
fxe5 34. dxe5 d4 35. Nb3 d3 36. Nd2 Nd5 37. Kg5 Nxb4 38. h4 Kf7 39. h5 Kg7 40.
g4 Nd5 41. Kh4 b5 42. g5 Ne7 43. Kg4 c5 44. Kf4 c4 45. Ne4 Nd5+ 46. Kf3 c3 47.
Nxc3 Nxc3 48. Ke3 d2 49. Kxd2 Ne4+ 50. Kd3 Nxg5 51. Kc3 Kh6 52. Kb4 Kxh5 53.
Kxb5 Kg6 54. Kc5 Kf5 55. Kd6 Nf7+ 56. Ke7 Nxe5 57. Kd6 Nf3 58. Kc5 e5 59. Kc4
e4 60. Kc3 Kf4 0-1

[Event "Hampshire Major"]
[Site "Eastleigh"]
[Date "2010.11.13"]
[Round "4"]
[White "Manning, Peter"]
[Black "Smith, Steven J"]
[Result "0-1"]
[WhiteElo "1704"]
[BlackElo "1864"]
[PlyCount "156"]
[EventDate "2010.11.12"]
[EventType "swiss"]
[EventRounds "6"]
[EventCountry "ENG"]

1. b4 b6 2. Bb2 e6 3. e3 Bb7 4. Nf3 Nf6 5. b5 c5 6. c4 Be7 7. Be2 O-O 8. O-O d5
9. cxd5 exd5 10. d3 Nbd7 11. a4 Qc7 12. Nbd2 Bd6 13. h3 Rae8 14. Re1 Ne5 15.
Qc2 Nfd7 16. Nxe5 Bxe5 17. Nf3 Bxb2 18. Qxb2 f5 19. g3 Rf6 20. Bf1 Rfe6 21.
Rac1 Qd6 22. Bg2 Qe7 23. d4 c4 24. Nh4 Qg5 25. Nf3 Qf6 26. Qe2 g5 27. h4 g4 28.
Nh2 h5 29. Rxc4 dxc4 30. Bxb7 Rd6 31. Qxc4+ Kg7 32. Nf1 Rxd4 33. exd4 Rxe1 34.
Bc6 Re7 35. Ne3 Nf8 36. Nd5 Re1+ 37. Kg2 Qe6 38. Ne3 Qxc4 39. Nxc4 Ne6 40. d5
Nc5 41. a5 bxa5 42. Nxa5 Rd1 43. Nc4 Kf6 44. f3 gxf3+ 45. Kxf3 Rd3+ 46. Kg2 Ne4
47. d6 Nxd6 48. Nxd6 Rxd6 49. Be8 Rd5 50. Kf3 Rd3+ 51. Kf4 Rd4+ 52. Ke3 Rb4 53.
Kf3 Ke5 54. Bd7 Rb3+ 55. Kf2 Kd6 56. Be8 Kc5 57. Bxh5 Rxb5 58. Bf7 Kd4 59. Kf3
Ke5 60. h5 Kf6 61. Be8 Rb3+ 62. Kf4 Rb4+ 63. Kf3 Kg5 64. Bf7 a5 65. Be6 a4 66.
h6 Kxh6 67. Bxf5 Rb2 68. Be6 a3 69. Ke3 a2 70. Bxa2 Rxa2 71. Kf3 Kg5 72. Ke4
Ra4+ 73. Kf3 Ra3+ 74. Kg2 Kg4 75. Kf2 Rb3 76. Ke2 Kxg3 77. Kd2 Kf3 78. Kc2 Re3
0-1

[Event "Hampshire Major"]
[Site "Eastleigh"]
[Date "2010.11.13"]
[Round "4"]
[White "Matthew, Ian G"]
[Black "Slater, Tom"]
[Result "0-1"]
[WhiteElo "1760"]
[BlackElo "1656"]
[PlyCount "50"]
[EventDate "2010.11.12"]
[EventType "swiss"]
[EventRounds "6"]
[EventCountry "ENG"]

1. e4 e5 2. Nf3 f5 3. d4 fxe4 4. Nxe5 Nf6 5. Be2 d5 6. Bg5 Be7 7. Bh5+ g6 8.
Nxg6 hxg6 9. Bxg6+ Kd7 10. c4 Rg8 11. Bf5+ Ke8 12. Bxf6 Bxf5 13. Bxe7 Qxe7 14.
Qb3 b6 15. cxd5 Rxg2 16. h4 Qf6 17. Qe3 c5 18. Qf4 cxd4 19. Nd2 Nd7 20. Rc1 Ne5
21. Nxe4 Nd3+ 22. Kf1 Qg6 23. Nd6+ Kd7 24. Qxf5+ Qxf5 25. Nxf5 Rxf2+ 0-1

[Event "Hampshire Major"]
[Site "Eastleigh"]
[Date "2010.11.13"]
[Round "4"]
[White "Ross, David EC"]
[Black "Stone, Mark R"]
[Result "1-0"]
[WhiteElo "1872"]
[BlackElo "1648"]
[PlyCount "113"]
[EventDate "2010.11.12"]
[EventType "swiss"]
[EventRounds "6"]
[EventCountry "ENG"]

1. e4 d5 2. exd5 Qxd5 3. Nc3 Qa5 4. d4 Nf6 5. Nf3 c6 6. Bc4 Bf5 7. Ne5 e6 8. g4
Be4 9. f3 Bd5 10. Bd3 Nbd7 11. Nc4 Bxc4 12. Bxc4 Nb6 13. Bd3 Nbd5 14. Bd2 Bb4
15. Ne4 Bxd2+ 16. Qxd2 Qxd2+ 17. Kxd2 O-O-O 18. Rad1 Nxe4+ 19. fxe4 Nf6 20. g5
Ng4 21. Rhg1 Nxh2 22. Rg3 h6 23. g6 fxg6 24. Rh1 Rxd4 25. Ke3 Rdd8 26. Rxg6 Nf3
27. Kxf3 Rhf8+ 28. Ke3 Rd7 29. Rhg1 Rdf7 30. Rxe6 Rf3+ 31. Kd4 Rd8+ 32. Kc3 Rf6
33. Rxf6 gxf6 34. Rg6 Rh8 35. Rxf6 h5 36. Bf1 h4 37. Bh3+ Kd8 38. Kd4 Ke7 39.
Rf1 Kd6 40. Rf7 c5+ 41. Ke3 Rg8 42. Rf3 Rg1 43. Bf1 Rh1 44. Kf2 Rh2+ 45. Bg2 h3
46. Rxh3 Rxh3 47. Bxh3 Ke5 48. Ke3 b5 49. a3 a5 50. Bf5 b4 51. axb4 cxb4 52.
Kd3 Kd6 53. Kc4 Kc6 54. e5 b3 55. Kxb3 Kd5 56. e6 Kd6 57. Ka4 1-0

[Event "Hampshire Major"]
[Site "Eastleigh"]
[Date "2010.11.14"]
[Round "5"]
[White "Beaney, Alex"]
[Black "Desmedt, Richard E"]
[Result "0-1"]
[WhiteElo "1736"]
[BlackElo "1792"]
[PlyCount "136"]
[EventDate "2010.11.12"]
[EventType "swiss"]
[EventRounds "6"]
[EventCountry "ENG"]

1. d4 d5 2. Bf4 e6 3. Nf3 f5 4. e3 Nf6 5. Nbd2 Be7 6. Ne5 O-O 7. c3 Nbd7 8.
Ndf3 Ne4 9. Bb5 c6 10. Nxc6 bxc6 11. Bxc6 Ba6 12. Bxa8 Qxa8 13. h3 Qc6 14. Qb3
Bc4 15. Qc2 Bd6 16. Bxd6 Nxd6 17. Nd2 Bb5 18. Nb3 Ra8 19. Nc1 a5 20. Ne2 a4 21.
O-O a3 22. Rfc1 Bd3 23. Qd2 Nc4 24. Qxd3 axb2 25. Qc2 bxc1=Q+ 26. Nxc1 Rb8 27.
Nd3 Na3 28. Qc1 Nb5 29. a4 Nxc3 30. Kh1 Qc4 31. Nf4 Ne4 32. f3 Qxc1+ 33. Rxc1
Nef6 34. Nxe6 Ra8 35. Ra1 Kf7 36. Nf4 Ke7 37. g4 fxg4 38. hxg4 Kd6 39. Kg2 Nb6
40. Kf2 Rxa4 41. Rxa4 Nxa4 42. Nd3 h6 43. Ne5 Nb2 44. Nf7+ Ke6 45. Nd8+ Kd7 46.
Nf7 Nc4 47. g5 Ke7 48. gxh6 Kxf7 49. hxg7 Kxg7 50. Ke2 Nd6 51. Kd3 Kh6 52. Ke2
Kh5 53. Kf2 Kh4 54. Kg2 Nc4 55. Kf2 Kh3 56. e4 Nxe4+ 57. fxe4 dxe4 58. d5 Nd6
59. Ke3 Kg3 60. Kd4 Kf2 61. Ke5 e3 62. Kxd6 e2 63. Kc7 e1=Q 64. d6 Qc3+ 65. Kd8
Ke3 66. d7 Ke4 67. Ke7 Qe5+ 68. Kf8 Qd6+ 0-1

[Event "Hampshire Major"]
[Site "Eastleigh"]
[Date "2010.11.14"]
[Round "5"]
[White "Hurn, Paul AT"]
[Black "Chapman, Matthew"]
[Result "0-1"]
[WhiteElo "1656"]
[BlackElo "1856"]
[PlyCount "20"]
[EventDate "2010.11.12"]
[EventType "swiss"]
[EventRounds "6"]
[EventCountry "ENG"]

1. e4 c6 2. d4 d5 3. exd5 cxd5 4. c4 Nf6 5. Nc3 e6 6. Bg5 Bb4 7. a3 Bxc3+ 8.
bxc3 dxc4 9. Bxc4 Qa5 10. Qd3 Qxg5 0-1